| 000 | 00508cam a2200205ua 4500 | ||
|---|---|---|---|
| 001 | 7473 | ||
| 008 | 141211n ii |||gr||||Z||||||ben | ||
| 020 | _a8172936362 | ||
| 040 | _cMAIN | ||
| 041 | _aben | ||
| 082 | _a891.443 | ||
| 100 |
_aBandyopadhyay, T., _eAuthor. |
||
| 245 |
_aSandipan pathsala _cBy Tarasankar Bandyopadhyay |
||
| 250 | _a1st. | ||
| 260 |
_aCalcutta: _bDey, _c2001. |
||
| 300 | _a154p. | ||
| 653 | _aEast Indo-European & Celtic literatures | ||
| 653 | _aBengali novels | ||
| 942 | _cBK | ||
| 999 |
_c6596 _d6596 |
||